[Event "3. Campeonato de la Unión Europea"]
[Site "Arvier ITA"]
[Date "2007.06.16"]
[Round "2.33"]
[White "Agrest, Inna"]
[Black "Stojanovic, Vojislav"]
[Result "1-0"]
[WhiteElo "2069"]
[BlackElo "1911"]
[PlyCount "57"]
[EventDate "2007.06.15"]
[EventType "swiss"]
[EventRounds "10"]
[EventCountry "ITA"]
[Source "lmi"]
[SourceDate "2007.06.15"]

1. e4 e5 2. Nf3 Nf6 3. Nxe5 d6 4. Nf3 Nxe4 5. Nc3 Nxc3 6. dxc3 Be7 7. Be3 Bg4
8. Be2 Nd7 9. Qd4 Bxf3 10. Bxf3 O-O 11. O-O-O Rb8 12. g4 Bg5 13. h4 Bxe3+ 14.
Qxe3 Ne5 15. Be2 Re8 16. Qd2 Qd7 17. Rdg1 Re7 18. f4 Ng6 19. f5 Nf8 20. Bd3 Re5
21. h5 Rbe8 22. g5 Qa4 23. Kb1 d5 24. g6 Re3 25. h6 Qf4 26. gxf7+ Kxf7 27. Be2
gxh6 28. Bh5+ Kf6 29. Bxe8 1-0

[Event "3. Campeonato de la Unión Europea"]
[Site "Arvier ITA"]
[Date "2007.06.16"]
[Round "2.34"]
[White "Della Penna, Vincenzo"]
[Black "Battistella, Stefano"]
[Result "1/2-1/2"]
[WhiteElo "1906"]
[BlackElo "2068"]
[PlyCount "43"]
[EventDate "2007.06.15"]
[EventType "swiss"]
[EventRounds "10"]
[EventCountry "ITA"]
[Source "lmi"]
[SourceDate "2007.06.15"]

1. c4 e6 2. Nf3 d5 3. cxd5 exd5 4. d4 c6 5. a3 Bf5 6. e3 Nf6 7. Be2 Bd6 8. h3
Nbd7 9. Bd2 a5 10. Nc3 O-O 11. Rc1 Ne4 12. O-O Qe7 13. Be1 Rfe8 14. Bd3 Bg6 15.
Nh2 Ng3 16. Bxg6 Nxf1 17. Bxh7+ Kxh7 18. Nxf1 Kg8 19. Rc2 Nf6 20. f3 Bf4 21.
Re2 Bh6 22. g4 1/2-1/2

[Event "3. Campeonato de la Unión Europea"]
[Site "Arvier ITA"]
[Date "2007.06.16"]
[Round "2.35"]
[White "Miatello, Alberto"]
[Black "Testa, Adriano"]
[Result "0-1"]
[WhiteElo "2062"]
[BlackElo "1907"]
[PlyCount "92"]
[EventDate "2007.06.15"]
[EventType "swiss"]
[EventRounds "10"]
[EventCountry "ITA"]
[Source "lmi"]
[SourceDate "2007.06.15"]

1. e4 e5 2. Nf3 Nc6 3. Be2 Nf6 4. d4 exd4 5. e5 Ng4 6. O-O Ngxe5 7. Nxe5 Nxe5
8. Qxd4 Nc6 9. Qc3 Qf6 10. Qxf6 gxf6 11. Nc3 Nd4 12. Bd3 c6 13. Ne4 Be7 14. c3
Ne6 15. Bh6 d5 16. Ng3 Kd7 17. c4 d4 18. Bf5 Kc7 19. Rfd1 c5 20. Re1 Bd7 21.
Nh5 Rhg8 22. Nf4 Kd6 23. Re2 Bf8 24. Bxf8+ Raxf8 25. Nd5 Bc6 26. Bxh7 Rg7 27.
Be4 Bxd5 28. cxd5 Nf4 29. Rd2 Re8 30. Bf3 Nxd5 31. a3 b6 32. b4 Rg5 33. bxc5+
bxc5 34. h4 Rge5 35. Kf1 Rb8 36. g3 Rf5 37. Be4 Re5 38. Bd3 Rb3 39. Kg2 Rc3 40.
Bh7 Nb6 41. a4 Nc4 42. Rd3 Rxd3 43. Bxd3 Nb2 44. Bh7 c4 45. Bg8 Ke7 46. f4 Rh5
0-1

[Event "3. Campeonato de la Unión Europea"]
[Site "Arvier ITA"]
[Date "2007.06.16"]
[Round "2.36"]
[White "Innocenti, Luca"]
[Black "Astengo, Marcello"]
[Result "1-0"]
[WhiteElo "1894"]
[BlackElo "2061"]
[PlyCount "113"]
[EventDate "2007.06.15"]
[EventType "swiss"]
[EventRounds "10"]
[EventCountry "ITA"]
[Source "lmi"]
[SourceDate "2007.06.15"]

1. c4 e6 2. Nf3 d5 3. b3 Nf6 4. g3 Bd6 5. Bb2 O-O 6. Bg2 c6 7. d3 Nbd7 8. Nbd2
e5 9. Qc2 Re8 10. e4 d4 11. O-O c5 12. h3 Nf8 13. Nh4 g6 14. Ndf3 Nh5 15. Nh2
Nf4 16. gxf4 Qxh4 17. fxe5 Bxe5 18. Nf3 Qh6 19. Nxe5 Rxe5 20. Bc1 Qh4 21. f4
Rh5 22. Rf3 Bd7 23. Bd2 Re8 24. Raf1 Ne6 25. Be1 Qd8 26. Rg3 Kh8 27. Qf2 Ng7
28. Kh2 Qc8 29. b4 b6 30. Bd2 Qa6 31. Bc1 Qa4 32. bxc5 bxc5 33. Rg5 Rb8 34.
Rxh5 Nxh5 35. f5 Qc6 36. fxg6 fxg6 37. Bh6 Qd6+ 38. Kg1 Be6 39. Bg5 Bg8 40.
Bf6+ Nxf6 41. Qxf6+ Qxf6 42. Rxf6 Rb1+ 43. Bf1 Rb6 44. Rf8 Rc6 45. Rb8 Rc7 46.
a4 Kg7 47. Be2 h5 48. a5 Be6 49. Kg2 Kf6 50. h4 Ke5 51. Kg3 Rc6 52. Bd1 Ra6 53.
Rb5 Kd6 54. Kf4 Rc6 55. Rb7 Ra6 56. Ba4 Rxa5 57. e5# 1-0

[Event "3. Campeonato de la Unión Europea"]
[Site "Arvier ITA"]
[Date "2007.06.16"]
[Round "2.37"]
[White "Cavatorta, Ivan"]
[Black "Tate, Alan"]
[Result "0-1"]
[WhiteElo "1878"]
[BlackElo "2058"]
[PlyCount "86"]
[EventDate "2007.06.15"]
[EventType "swiss"]
[EventRounds "10"]
[EventCountry "ITA"]
[Source "lmi"]
[SourceDate "2007.06.15"]

1. e4 c5 2. Nf3 d6 3. d4 Nf6 4. dxc5 Nxe4 5. cxd6 Nc6 6. Bd3 Nxd6 7. O-O g6 8.
Bd2 Bg7 9. Bc3 O-O 10. Bxg7 Kxg7 11. c3 Qb6 12. Qb3 Qxb3 13. axb3 e5 14. Re1
Re8 15. Nfd2 Be6 16. b4 a6 17. Na3 Rad8 18. Rad1 b5 19. Ne4 Nxe4 20. Bxe4 Rxd1
21. Rxd1 Rd8 22. Rxd8 Nxd8 23. Bd3 Kf6 24. Be4 Ke7 25. f3 Kd6 26. Kf2 f5 27.
Bd3 Nc6 28. Ke3 Ne7 29. c4 bxc4 30. Nxc4+ Bxc4 31. Bxc4 Nd5+ 32. Kd2 Nxb4 33.
Bg8 Nd5 34. Bxh7 Ne7 35. h4 Ke6 36. Bxg6 Nxg6 37. h5 Nf8 38. g4 Kf6 39. Ke3 Kg5
40. h6 Nh7 41. b4 Nf6 42. Ke2 Kxh6 43. gxf5 Kg5 0-1

[Event "3. Campeonato de la Unión Europea"]
[Site "Arvier ITA"]
[Date "2007.06.16"]
[Round "2.38"]
[White "Marozzi, Giovanni"]
[Black "Mortola, Alberto"]
[Result "0-1"]
[WhiteElo "2055"]
[BlackElo "1905"]
[PlyCount "66"]
[EventDate "2007.06.15"]
[EventType "swiss"]
[EventRounds "10"]
[EventCountry "ITA"]
[Source "lmi"]
[SourceDate "2007.06.15"]

1. e4 e5 2. Nf3 Nf6 3. d4 Nxe4 4. Bd3 d5 5. Nxe5 Bd6 6. Bxe4 dxe4 7. Nc3 Bxe5
8. dxe5 Qxd1+ 9. Nxd1 Nc6 10. Bf4 Bf5 11. Ne3 Bg6 12. O-O-O O-O 13. Rd7 Rac8
14. Rhd1 Rfd8 15. e6 fxe6 16. Bxc7 Rxd7 17. Rxd7 Be8 18. Rd6 Rxc7 19. Rxe6 Bg6
20. Nd5 Rd7 21. Nf4 Re7 22. Rd6 Bf5 23. Rd5 g6 24. Nh5 Kf7 25. Ng3 Ke6 26. Rd1
Rc7 27. a3 Ne5 28. Nxf5 gxf5 29. Rf1 Rg7 30. g3 Nf3 31. h3 Rd7 32. Rd1 Rxd1+
33. Kxd1 Ke5 0-1

[Event "3. Campeonato de la Unión Europea"]
[Site "Arvier ITA"]
[Date "2007.06.16"]
[Round "2.39"]
[White "Squarci, Franco"]
[Black "Norinkeviciute, Rasa"]
[Result "0-1"]
[WhiteElo "1863"]
[BlackElo "2048"]
[PlyCount "138"]
[EventDate "2007.06.15"]
[EventType "swiss"]
[EventRounds "10"]
[EventCountry "ITA"]
[Source "lmi"]
[SourceDate "2007.06.15"]

1. d4 g6 2. Nf3 Bg7 3. e4 d6 4. c3 Nd7 5. Bc4 e6 6. Bg5 Ne7 7. O-O h6 8. Bh4 g5
9. Bg3 Ng6 10. Qc2 e5 11. dxe5 dxe5 12. Rd1 h5 13. h3 Qe7 14. Na3 a6 15. Rd2
Nb6 16. Bb3 g4 17. hxg4 h4 18. Bh2 Bxg4 19. Rd3 h3 20. g3 Rd8 21. Rxd8+ Kxd8
22. Nc4 Nd7 23. Ne1 Bh6 24. Na5 Kc8 25. Bd5 c6 26. Qb3 Nc5 27. Qb6 cxd5 28.
exd5 Qc7 29. Qxc7+ Kxc7 30. b4 Na4 31. c4 e4 32. c5 Ne5 33. Kf1 Nc3 34. d6+ Kc8
35. a4 Be2+ 36. Kg1 f5 37. Ra3 Bd2 38. Nc2 Nf3+ 39. Kh1 Nd1 40. Rxf3 Bxf3+ 41.
Kg1 Nc3 42. Nc4 Bg5 43. Nb6+ Kd8 44. Nd4 Ne2+ 45. Nxe2 Bxe2 46. Nd5 Bd2 47. g4
f4 48. Nf6 Bxb4 49. Nxe4 Bxg4 50. Bxf4 Bd7 51. Bg5+ Kc8 52. Kh2 Bxa4 53. Nf6
Bxc5 54. Ne4 b6 55. f4 Bc6 56. Bf6 Bxe4 57. d7+ Kxd7 58. Bxh8 Bd6 59. Kxh3 Bxf4
60. Kg4 Bc7 61. Bd4 b5 62. Kg5 Ke6 63. Kg4 a5 64. Kg5 b4 65. Bc5 b3 66. Ba3 a4
67. Bb2 Bd6 68. Kg4 a3 69. Bc3 b2 0-1

[Event "3. Campeonato de la Unión Europea"]
[Site "Arvier ITA"]
[Date "2007.06.16"]
[Round "2.40"]
[White "Majer, Chris E"]
[Black "Cross, Ian"]
[Result "1-0"]
[WhiteElo "2036"]
[BlackElo "1890"]
[PlyCount "77"]
[EventDate "2007.06.15"]
[EventType "swiss"]
[EventRounds "10"]
[EventCountry "ITA"]
[Source "lmi"]
[SourceDate "2007.06.15"]

1. e4 e5 2. Bc4 Bc5 3. Nc3 Nf6 4. d3 d6 5. Na4 Bb6 6. Nxb6 axb6 7. f4 Bg4 8.
Nf3 Qe7 9. h3 Be6 10. fxe5 dxe5 11. Bxe6 Qxe6 12. a3 Nc6 13. O-O O-O 14. Nh4
Rad8 15. Bg5 Nd4 16. Nf5 Nxf5 17. Rxf5 Nxe4 18. Bxd8 Rxd8 19. Rf1 Nf6 20. Qf3
Nd5 21. Rae1 Nf4 22. Qe4 Ng6 23. Qxb7 Qd6 24. Qe4 Qc5+ 25. Rf2 h6 26. Qf5 Rf8
27. Ref1 Ne7 28. Qd7 f6 29. b4 Qd6 30. Qxd6 cxd6 31. a4 Nd5 32. c4 Nxb4 33. Rb2
Nxd3 34. Rxb6 Nc5 35. a5 Ra8 36. Ra1 Ne4 37. a6 Kf7 38. g3 Nxg3 39. a7 1-0

[Event "3. Campeonato de la Unión Europea"]
[Site "Arvier ITA"]
[Date "2007.06.16"]
[Round "2.41"]
[White "Fox, Pierre"]
[Black "Motzer, Heinrich"]
[Result "1-0"]
[WhiteElo "1832"]
[BlackElo "2021"]
[PlyCount "107"]
[EventDate "2007.06.15"]
[EventType "swiss"]
[EventRounds "10"]
[EventCountry "ITA"]
[Source "lmi"]
[SourceDate "2007.06.15"]

1. d4 Nf6 2. c4 e5 3. dxe5 Ng4 4. e3 Nxe5 5. Nh3 Nbc6 6. Nf4 Bb4+ 7. Bd2 Bxd2+
8. Qxd2 d6 9. Nc3 O-O 10. Be2 b6 11. Ncd5 Bb7 12. O-O Rc8 13. Rad1 Re8 14. b3
a5 15. a3 Ne7 16. Rfe1 Nf5 17. e4 Nh4 18. Qe3 Qg5 19. Qg3 Qxg3 20. hxg3 Nhg6
21. Nh3 Ne7 22. Nc3 Bc6 23. f4 N5g6 24. Bf3 Kf8 25. Nf2 Ng8 26. Ng4 h5 27. Ne3
h4 28. Kf2 hxg3+ 29. Kxg3 Nf6 30. Ned5 Nxd5 31. cxd5 Bd7 32. Bg4 Bxg4 33. Kxg4
Ke7 34. Nb5 Kd8 35. Rc1 Rh8 36. g3 Rh2 37. Rc6 Ne7 38. Rc3 c5 39. dxc6 Rxc6 40.
Rd3 Nc8 41. Red1 Ke7 42. Nd4 Rc7 43. Nf5+ Kf8 44. e5 g6 45. Nxd6 Rb2 46. Nc4
Re2 47. Kg5 Kg7 48. Ne3 Rh2 49. f5 gxf5 50. Nxf5+ Kh7 51. Rd8 Ne7 52. Nd6 Ng6
53. Ne8 Nf8 54. Nxc7 1-0

[Event "3. Campeonato de la Unión Europea"]
[Site "Arvier ITA"]
[Date "2007.06.16"]
[Round "2.42"]
[White "Occhipinti, Massimo"]
[Black "Mazzetta, Renato"]
[Result "1/2-1/2"]
[WhiteElo "2020"]
[BlackElo "1864"]
[PlyCount "100"]
[EventDate "2007.06.15"]
[EventType "swiss"]
[EventRounds "10"]
[EventCountry "ITA"]
[Source "lmi"]
[SourceDate "2007.06.15"]

1. e4 c5 2. Nf3 e6 3. d3 Nc6 4. g3 g6 5. Bg2 Bg7 6. O-O Nge7 7. Re1 d6 8. Nc3
O-O 9. Bd2 h6 10. Qc1 Kh7 11. h4 e5 12. Rf1 Be6 13. Ne2 Qd7 14. Kh2 f5 15. Neg1
Nd4 16. Ne1 Ng8 17. c3 Nc6 18. Nh3 Nf6 19. f3 Qe7 20. Rh1 Nh5 21. Nc2 f4 22.
Be1 fxg3+ 23. Bxg3 Bxh3 24. Kxh3 Nf4+ 25. Bxf4 Rxf4 26. Qe1 Bf6 27. Ne3 Bxh4
28. Qe2 Raf8 29. Raf1 Nd8 30. Kh2 Bg5 31. Kg1 Rh4 32. Rxh4 Bxe3+ 33. Qxe3 Qxh4
34. Qf2 Qxf2+ 35. Kxf2 Ne6 36. Ke3 Nf4 37. Bh1 g5 38. Rd1 Ne6 39. Bg2 Nf4 40.
Bf1 Rf6 41. d4 Kg6 42. dxe5 dxe5 43. Rd7 Rf7 44. Rd6+ Kg7 45. a4 h5 46. a5 h4
47. b3 h3 48. Rd2 Rf6 49. Rd7+ Kg6 50. Rd1 Kh5 1/2-1/2

[Event "3. Campeonato de la Unión Europea"]
[Site "Arvier ITA"]
[Date "2007.06.16"]
[Round "2.43"]
[White "Varinelli, Sara"]
[Black "Turturici, Pellegrino"]
[Result "0-1"]
[WhiteElo "1694"]
[BlackElo "2010"]
[PlyCount "73"]
[EventDate "2007.06.15"]
[EventType "swiss"]
[EventRounds "10"]
[EventCountry "ITA"]
[Source "lmi"]
[SourceDate "2007.06.15"]

1. e4 c5 2. Nf3 Nc6 3. d4 cxd4 4. Nxd4 Nf6 5. Nc3 d6 6. h3 e6 7. Be3 Be7 8. Qd2
a6 9. Be2 O-O 10. f4 Qc7 11. O-O Nxd4 12. Bxd4 b5 13. a3 Bb7 14. Bf3 Rac8 15.
e5 Ne8 16. Rae1 Bxf3 17. gxf3 dxe5 18. fxe5 b4 19. axb4 Bxb4 20. Re2 Rd8 21.
Qf4 Rxd4 22. Qg5 Bxc3 23. bxc3 Qxc3 24. Rg2 Rd5 25. f4 Rd2 26. Rg3 Qxc2 27. f5
exf5 28. Rxf5 Rd1+ 29. Rf1 Rxf1+ 30. Kxf1 f6 31. exf6 Rxf6+ 32. Kg1 Qf2+ 33.
Kh1 Qf1+ 34. Kh2 Rf2+ 35. Rg2 Qxg2+ 36. Qxg2 Rxg2+ 37. Kxg2 0-1

[Event "3. Campeonato de la Unión Europea"]
[Site "Arvier ITA"]
[Date "2007.06.16"]
[Round "2.44"]
[White "Marguerettaz, Davy"]
[Black "Renzini, Lorenzo"]
[Result "1-0"]
[WhiteElo "2005"]
[BlackElo "1839"]
[PlyCount "83"]
[EventDate "2007.06.15"]
[EventType "swiss"]
[EventRounds "10"]
[EventCountry "ITA"]
[Source "lmi"]
[SourceDate "2007.06.15"]

1. d4 Nf6 2. c4 g6 3. Nc3 Bg7 4. e4 d6 5. f3 O-O 6. Be3 Nc6 7. Qd2 e5 8. d5 Ne7
9. Nge2 Ne8 10. g4 f6 11. Ng3 b6 12. h4 Bd7 13. h5 g5 14. h6 Bh8 15. Nf5 Ng6
16. Ne2 Bxf5 17. gxf5 Ne7 18. Bh3 Rf7 19. Bg4 Nc8 20. Bh5 Rd7 21. Rg1 Rb8 22.
Bxg5 fxg5 23. Qxg5+ Qxg5 24. Rxg5+ Kf8 25. Bxe8 Rd8 26. Bb5 Bf6 27. Rg4 Kf7 28.
O-O-O Rg8 29. Rdg1 Rxg4 30. fxg4 Bg5+ 31. Kb1 Bxh6 32. Rh1 Kg7 33. f6+ Kg6 34.
Be8+ Kg5 35. Rh5+ Kxf6 36. Rxh6+ Kg7 37. Re6 Kf8 38. Ng3 Ne7 39. Bh5 Ng8 40.
Nf5 Rd8 41. Kc2 a6 42. b4 1-0

[Event "3. Campeonato de la Unión Europea"]
[Site "Arvier ITA"]
[Date "2007.06.16"]
[Round "2.45"]
[White "Campbell, Ian"]
[Black "Garofalo, Sergio"]
[Result "1-0"]
[WhiteElo "1996"]
[BlackElo "1812"]
[PlyCount "93"]
[EventDate "2007.06.15"]
[EventType "swiss"]
[EventRounds "10"]
[EventCountry "ITA"]
[Source "lmi"]
[SourceDate "2007.06.15"]

1. d4 Nf6 2. Nf3 d6 3. e3 g6 4. b3 Bg7 5. Bb2 Nbd7 6. Be2 e6 7. O-O h5 8. c4 b6
9. Nc3 Bb7 10. Qc2 a6 11. b4 Ng4 12. e4 g5 13. Rad1 Nh6 14. Bc1 g4 15. Ne1 Qe7
16. a4 Nf8 17. f4 f5 18. e5 Ng6 19. Be3 h4 20. a5 Rd8 21. axb6 cxb6 22. Na4
dxe5 23. dxe5 Rxd1 24. Qxd1 O-O 25. Bxb6 Ba8 26. Bc5 Qb7 27. Nb6 h3 28. Nxa8
hxg2 29. Nxg2 Rxa8 30. Qd6 Re8 31. Qd4 Nf7 32. Qe3 Nd8 33. Rb1 a5 34. b5 Nc6
35. Ra1 Ncxe5 36. fxe5 Nxe5 37. Rxa5 Nf3+ 38. Bxf3 gxf3 39. Nh4 f2+ 40. Kxf2
Qh1 41. Ra7 Qxh2+ 42. Ng2 Bh6 43. Qg3+ Qxg3+ 44. Kxg3 e5 45. b6 f4+ 46. Kf2 Rd8
47. b7 1-0

[Event "3. Campeonato de la Unión Europea"]
[Site "Arvier ITA"]
[Date "2007.06.16"]
[Round "2.49"]
[White "Frank, Albert"]
[Black "Russo, Carmelo"]
[Result "1-0"]
[WhiteElo "1987"]
[BlackElo "1665"]
[PlyCount "55"]
[EventDate "2007.06.15"]
[EventType "swiss"]
[EventRounds "10"]
[EventCountry "ITA"]
[Source "lmi"]
[SourceDate "2007.06.15"]

1. Nf3 d5 2. c4 c5 3. cxd5 Qxd5 4. g3 Nc6 5. Bg2 Bg4 6. Qa4 Qd7 7. a3 Nf6 8.
O-O g6 9. b4 cxb4 10. axb4 Bh3 11. b5 Nd8 12. Ne5 Qc8 13. b6+ Bd7 14. Nxd7 Qxd7
15. Qxa7 Rc8 16. Ra3 e6 17. Rd3 Nd5 18. e4 Qb5 19. exd5 Bc5 20. Qa1 O-O 21. Rf3
Qxb6 22. Nc3 Bd4 23. Ba3 Re8 24. d6 Ra8 25. Qb2 Qa6 26. d7 Rf8 27. Bxf8 Kxf8
28. Qb4+ 1-0

[Event "3. Campeonato de la Unión Europea"]
[Site "Arvier ITA"]
[Date "2007.06.16"]
[Round "2.50"]
[White "Perrone, Samuel"]
[Black "Foisor, Mihaela Veronica"]
[Result "0-1"]
[WhiteElo "1416"]
[BlackElo "1980"]
[PlyCount "46"]
[EventDate "2007.06.15"]
[EventType "swiss"]
[EventRounds "10"]
[EventCountry "ITA"]
[Source "lmi"]
[SourceDate "2007.06.15"]

1. e4 e6 2. d4 d5 3. exd5 exd5 4. Nc3 Be6 5. Nf3 Bd6 6. Bd3 Ne7 7. O-O Nbc6 8.
a3 O-O 9. Re1 Qd7 10. Bxh7+ Kxh7 11. Ng5+ Kg8 12. Nxd5 Nxd5 13. c4 Nf6 14. d5
Bg4 15. dxc6 Bxh2+ 16. Kxh2 Qxd1 17. Rxd1 Bxd1 18. cxb7 Rab8 19. Bf4 Be2 20.
Bxc7 Rxb7 21. Be5 Ng4+ 22. Kg3 Nxe5 23. Re1 Rxb2 0-1

[Event "3. Campeonato de la Unión Europea"]
[Site "Arvier ITA"]
[Date "2007.06.16"]
[Round "2.52"]
[White "Zaccaria, Sonia"]
[Black "Frontini, Fabio"]
[Result "0-1"]
[WhiteElo "1377"]
[BlackElo "1965"]
[PlyCount "58"]
[EventDate "2007.06.15"]
[EventType "swiss"]
[EventRounds "10"]
[EventCountry "ITA"]
[Source "lmi"]
[SourceDate "2007.06.15"]

1. d4 d5 2. Nf3 Nf6 3. e3 e6 4. Bd3 c5 5. b3 Nc6 6. Bb2 a6 7. Nbd2 b5 8. c4
dxc4 9. bxc4 cxd4 10. O-O dxe3 11. Nb3 exf2+ 12. Rxf2 bxc4 13. Qc2 Qxd3 14. Qc1
Bb7 15. Rd2 Qe3+ 16. Kh1 Ng4 17. h3 Nf2+ 18. Kh2 Qf4+ 19. Kg1 Nd3 20. Qd1 Nxb2
21. Rxb2 cxb3 22. Rxb3 Na5 23. Rd3 Bc5+ 24. Kh1 O-O 25. Rc1 Bb6 26. Nd4 Rad8
27. Nxe6 fxe6 28. Rcc3 Rxd3 29. Qxd3 Qf2 0-1

[Event "3. Campeonato de la Unión Europea"]
[Site "Arvier ITA"]
[Date "2007.06.16"]
[Round "2.53"]
[White "Bossoni, Mario"]
[Black "Bogatto, Mario"]
[Result "1-0"]
[WhiteElo "1964"]
[BlackElo "1528"]
[PlyCount "69"]
[EventDate "2007.06.15"]
[EventType "swiss"]
[EventRounds "10"]
[EventCountry "ITA"]
[Source "lmi"]
[SourceDate "2007.06.15"]

1. e4 e5 2. Bc4 Be7 3. Qe2 Nf6 4. d3 a6 5. Nd2 Nc6 6. c3 d6 7. h3 Na5 8. g4
Nxc4 9. Nxc4 Be6 10. Ne3 c6 11. Nf3 Nd7 12. Nf5 Bxf5 13. gxf5 Bf6 14. Rg1 h6
15. Be3 c5 16. Rg3 Qc7 17. Rc1 Ke7 18. Nd2 b5 19. Kf1 Rac8 20. Kg1 a5 21. f4 a4
22. Nf3 Rh7 23. Kh1 Rg8 24. d4 exd4 25. cxd4 c4 26. e5 Kf8 27. exf6 Nxf6 28.
Re1 Qc6 29. Bd2 Qd7 30. Bb4 g6 31. fxg6 Rxg6 32. Ne5 Rxg3 33. Nxd7+ Kg7 34.
Nxf6 Kxf6 35. Qe7+ 1-0

[Event "3. Campeonato de la Unión Europea"]
[Site "Arvier ITA"]
[Date "2007.06.16"]
[Round "2.54"]
[White "Giacometto, Mario"]
[Black "Bellia, Mario"]
[Result "1-0"]
[WhiteElo "1931"]
[BlackElo "1407"]
[PlyCount "79"]
[EventDate "2007.06.15"]
[EventType "swiss"]
[EventRounds "10"]
[EventCountry "ITA"]
[Source "lmi"]
[SourceDate "2007.06.15"]

1. e4 g6 2. d4 Bg7 3. Nc3 d6 4. Bg5 h6 5. Bh4 c6 6. f4 Qa5 7. Qd2 Nd7 8. O-O-O
Ndf6 9. h3 Bd7 10. Nf3 O-O-O 11. Kb1 Nh7 12. g4 f6 13. f5 Be8 14. Bc4 Nf8 15.
Bf2 gxf5 16. gxf5 Bh5 17. Qe3 Kb8 18. Rdg1 Bxf3 19. Qxf3 Nh7 20. Rxg7 Ng5 21.
Qf4 b5 22. Bb3 b4 23. Na4 Kb7 24. h4 Nxe4 25. Qxe4 d5 26. Qe6 Qc7 27. Nc5+ Kb6
28. Bg3 Qc8 29. h5 a5 30. Ba4 Qxe6 31. Nxe6 Rd7 32. Bf4 Ra7 33. Rhg1 Ra8 34.
Kc1 Rc8 35. Kd2 Kb7 36. Bc7 Ra8 37. Bd8 Rc8 38. Rxg8 Rxg8 39. Rxg8 Ra8 40. Nc5+
1-0

[Event "3. Campeonato de la Unión Europea"]
[Site "Arvier ITA"]
[Date "2007.06.16"]
[Round "2.56"]
[White "Brunello, Marina"]
[Black "Agrest, Anton"]
[Result "1-0"]
[WhiteElo "1924"]
[BlackElo "1350"]
[PlyCount "155"]
[EventDate "2007.06.15"]
[EventType "swiss"]
[EventRounds "10"]
[EventCountry "ITA"]
[Source "lmi"]
[SourceDate "2007.06.15"]

1. e4 e5 2. Nf3 Nc6 3. d4 exd4 4. Nxd4 Nxd4 5. Qxd4 c5 6. Qd1 Ne7 7. Bc4 Ng6 8.
Nc3 Be7 9. O-O O-O 10. Be3 b6 11. Bd5 Rb8 12. f4 Bb7 13. Qf3 d6 14. Bxb7 Rxb7
15. Nd5 Rd7 16. f5 Ne5 17. Qg3 Bh4 18. Qh3 Re8 19. f6 Ng6 20. g3 Bxf6 21. Rxf6
gxf6 22. Rf1 Re6 23. Nxf6+ Rxf6 24. Rxf6 Qxf6 25. Qxd7 Kg7 26. Qh3 Ne5 27. Bf4
Nf3+ 28. Kf2 Ng5 29. Qg4 h6 30. h4 Qd4+ 31. Kf1 Qc4+ 32. Kg1 Qd4+ 33. Kf1 Qc4+
34. Ke1 Qxe4+ 35. Kd2 Qd4+ 36. Ke1 Qe4+ 37. Qe2 Nf3+ 38. Kf2 Qxe2+ 39. Kxe2 Ne5
40. b3 h5 41. Ke3 f5 42. Bg5 Kf7 43. c4 Ke6 44. Bd8 Kf7 45. Kf4 Nc6 46. Bg5 Ke6
47. Bh6 Ne5 48. Bg7 a6 49. Kg5 b5 50. cxb5 axb5 51. Kxh5 c4 52. bxc4 bxc4 53.
a4 c3 54. a5 c2 55. Bh6 Kf6 56. a6 Nc6 57. g4 Ke5 58. Bc1 f4 59. g5 f3 60. Bb2+
Kf5 61. g6 f2 62. g7 f1=Q 63. g8=Q Qf3+ 64. Kh6 Qf4+ 65. Qg5+ Ke4 66. Qxf4+
Kxf4 67. h5 d5 68. Kg6 d4 69. h6 d3 70. Bc1+ Kf3 71. h7 Ke2 72. h8=Q d2 73.
Qh2+ Kf3 74. Qxd2 Ne5+ 75. Kg7 Nc4 76. Qf4+ Ke2 77. Qxc4+ Kd1 78. Qf1# 1-0

[Event "3. Campeonato de la Unión Europea"]
[Site "Arvier ITA"]
[Date "2007.06.17"]
[Round "3.2"]
[White "Agrest, Evgenij"]
[Black "Foisor, Cristina Adela"]
[Result "1/2-1/2"]
[WhiteElo "2561"]
[BlackElo "2384"]
[PlyCount "110"]
[EventDate "2007.06.15"]
[EventType "swiss"]
[EventRounds "10"]
[EventCountry "ITA"]
[Source "lmi"]
[SourceDate "2007.06.15"]

1. d4 g6 2. c4 Bg7 3. Nf3 d6 4. Nc3 c6 5. Bg5 a6 6. e3 b5 7. a3 Bb7 8. Be2 Nd7
9. O-O Ngf6 10. Nd2 O-O 11. b4 Ra7 12. Bh4 Qa8 13. c5 dxc5 14. dxc5 a5 15. Rc1
Rd8 16. Qc2 axb4 17. axb4 Nb8 18. Bf3 Na6 19. Rb1 Nc7 20. Nb3 Ncd5 21. Bxf6
Bxf6 22. Nxd5 cxd5 23. Na5 Bc6 24. Rfd1 e5 25. Nxc6 Qxc6 26. e4 d4 27. Be2 Ra4
28. Bd3 Rb8 29. Qe2 h5 30. Bc2 Ra2 31. Qd3 Qa6 32. Bb3 Ra3 33. Qd2 Kg7 34. Rf1
Rb7 35. Bd5 Ra7 36. Rbc1 h4 37. h3 Qc8 38. c6 Be7 39. f4 Rg3 40. Ra1 Rxa1 41.
Rxa1 Qxh3 42. Qf2 Qg4 43. Kh2 Bd6 44. Ra7 Kh6 45. Rxf7 Rc3 46. Rf6 Bxb4 47. f5
Qg3+ 48. Qxg3 hxg3+ 49. Kh3 d3 50. Rxg6+ Kh7 51. Bg8+ Kh8 52. Bf7 d2 53. Rg8+
Kh7 54. Rd8 Rxc6 55. Kxg3 Rd6 1/2-1/2

[Event "3. Campeonato de la Unión Europea"]
[Site "Arvier ITA"]
[Date "2007.06.17"]
[Round "3.3"]
[White "Piscopo, Pierluigi"]
[Black "Godena, Michele"]
[Result "1/2-1/2"]
[WhiteElo "2392"]
[BlackElo "2558"]
[PlyCount "92"]
[EventDate "2007.06.15"]
[EventType "swiss"]
[EventRounds "10"]
[EventCountry "ITA"]
[Source "lmi"]
[SourceDate "2007.06.15"]

1. c4 e6 2. e4 d5 3. exd5 exd5 4. d4 Nf6 5. Nc3 Be7 6. Bd3 dxc4 7. Bxc4 O-O 8.
Nge2 Nc6 9. Bf4 Bf5 10. d5 Na5 11. Bd3 Bxd3 12. Qxd3 a6 13. O-O b5 14. Rfd1 Nc4
15. Qc2 Bd6 16. Bxd6 Qxd6 17. a4 Qc5 18. Nd4 Nd6 19. Qd3 b4 20. Nb3 Qc4 21. Ne2
Rfe8 22. Ng3 Re5 23. Qxc4 Nxc4 24. Rd4 Nd6 25. Rad1 Rae8 26. h3 h5 27. Kh2 g6
28. Nc5 a5 29. Nb3 Ra8 30. Rc1 Rxd5 31. Rxc7 Rxd4 32. Nxd4 Re8 33. Rc6 Rd8 34.
Nb5 Nde8 35. Rc2 Rd1 36. Ne2 b3 37. Rc3 Rd2 38. Ned4 Rxb2 39. Nxb3 Ra2 40. Nxa5
Rxa4 41. Ra3 Rf4 42. Kg1 Rf5 43. Nd4 Re5 44. g3 Nd6 45. Nac6 Re8 46. Kg2 Nc4
1/2-1/2

[Event "3. Campeonato de la Unión Europea"]
[Site "Arvier ITA"]
[Date "2007.06.17"]
[Round "3.4"]
[White "Rombaldoni, Denis"]
[Black "Prie, Eric"]
[Result "1-0"]
[WhiteElo "2368"]
[BlackElo "2513"]
[PlyCount "99"]
[EventDate "2007.06.15"]
[EventType "swiss"]
[EventRounds "10"]
[EventCountry "ITA"]
[Source "lmi"]
[SourceDate "2007.06.15"]

1. d4 d5 2. c4 c6 3. Nf3 Nf6 4. Nc3 a6 5. e3 b5 6. c5 g6 7. Bd3 Bg4 8. h3 Bxf3
9. gxf3 Nbd7 10. f4 a5 11. Bd2 e6 12. Qf3 Nh5 13. a4 b4 14. Ne2 f5 15. Nc1 Nhf6
16. Nb3 Ne4 17. Bxe4 dxe4 18. Qe2 Qc8 19. Bc1 Qa6 20. Nd2 Qxe2+ 21. Kxe2 Be7
22. Nc4 Nf6 23. Bd2 Bd8 24. Rag1 Bc7 25. Be1 Kf7 26. Bd2 h6 27. h4 Rhg8 28. Rg2
Rg7 29. Rhg1 Rag8 30. Be1 g5 31. hxg5 hxg5 32. Rxg5 Rxg5 33. Rxg5 Rxg5 34. fxg5
Nd5 35. f3 Kg6 36. fxe4 fxe4 37. Nd2 Kf5 38. g6 Kxg6 39. Nxe4 Kf5 40. Kf3 e5
41. Nd6+ Ke6 42. dxe5 Ne7 43. Ke4 Bb8 44. Bg3 Ba7 45. Kd4 Nf5+ 46. Nxf5 Kxf5
47. e6 Kxe6 48. Bd6 Kf5 49. e4+ Ke6 50. e5 1-0